Statistics for NHL Top 3 Draft Picks 2010-2023

Click here to take the quiz!

General Stats

  • This quiz has been taken 52 times
  • The average score is 33 of 42

Answer Stats

YearDraftedTeamAnswer% Correct
20231ChicagoBedard
100%
20201NY RangersLafreniere
100%
20221MontrealSlafkovsky
100%
20181BuffaloDahlin
98%
20191New JerseyHughes
98%
20161TorontoMatthews
98%
20233ColombusFantilli
93%
20171New JerseyHischier
93%
20131ColoradoMackinnon
93%
20151EdmontonMcdavid
93%
20211BuffaloPower
93%
20202LAByfield
91%
20232AnaheimCarlsson
91%
20141FloridaEkblad
91%
20111EdmontonNugent-Hopkins
91%
20101EdmontonHall
89%
20192NY RangersKakko
89%
20162WinnipegLaine
84%
20121EdmontonYakupov
84%
20132FloridaBarkov
82%
20212SeattleBeniers
82%
20152BuffaloEichel
82%
20222New JerseyNemec
82%
20203OttawaStutzle
82%
20182CarolinaSvechnikov
82%
20223ArizonaCooley
80%
20173DallasHeiskanen
78%
20163ColombusDubois
73%
20213AnaheimMcTavish
71%
20172PhiladelphiaPatrick
69%
20143EdmontonDraisaitl
64%
20183MontrealKotkaniemi
64%
20193ChicagoDach
62%
20113FloridaHuberdeau
60%
20112ColoradoLandeskog
58%
20142BuffaloReinhart
56%
20102BostonSeguin
56%
20123MontrealGalchenyuk
51%
20153ArizonaStrome
51%
20122ColombusMurray
49%
20133Tampa BayDrouin
42%
20103FloridaGudbranson
24%

Score Distribution

Percentile by Number Answered

Percent of People with Each Score

Your Score History

You have not taken this quiz